The business value of BIM (Record no. 112346)

MARC details
000 -LEADER
fixed length control field 01282cad a22002535a 4500
001 - CONTROL NUMBER
control field L153046
008 - FIXED-LENGTH DATA ELEMENTS--GENERAL INFORMATION
fixed length control field 110526s2009 xxk f 000 0 eng d
020 ## - INTERNATIONAL STANDARD BOOK NUMBER
International Standard Book Number 9781934926260
035 ## - SYSTEM CONTROL NUMBER
System control number (Sirsi) u153046
041 0# - LANGUAGE CODE
Language code of text/sound track or separate title eng
110 0# - MAIN ENTRY--CORPORATE NAME
Corporate name or jurisdiction name as entry element McGraw-Hill Construction
9 (RLIN) 5916
245 04 - TITLE STATEMENT
Title The business value of BIM
Remainder of title getting building information modeling to the bottom line
Medium [electronic resource]
260 ## - PUBLICATION, DISTRIBUTION, ETC.
Place of publication, distribution, etc. Bedford, MA
Name of publisher, distributor, etc. McGraw-Hill
Date of publication, distribution, etc. 2009
490 #0 - SERIES STATEMENT
Series statement SmartMarket Report
520 ## - SUMMARY, ETC.
Summary, etc. Examines who is using business information modelling in North America, and where they are they getting real business value. Users of BIM in North America were asked about their actual business benefits and its impact, the vast majority are experiencing real business benefits directly attributable to BIM. Looks at the impact of BIM on productivity, the return on investment in BIM, project value of BIM, BIM and green building, all illustrated with case studies.
590 ## - LOCAL NOTE (RLIN)
Local note KA
650 24 - SUBJECT ADDED ENTRY--TOPICAL TERM
Topical term or geographic name entry element BUILDING INFORMATION MODELLING
650 24 - SUBJECT ADDED ENTRY--TOPICAL TERM
Topical term or geographic name entry element BIM
9 (RLIN) 6219
651 #4 - SUBJECT ADDED ENTRY--GEOGRAPHIC NAME
Geographic name North America
690 ## - LOCAL SUBJECT ADDED ENTRY--TOPICAL TERM (OCLC, RLIN)
Topical term or geographic name as entry element BIM
9 (RLIN) 6219
710 1# - ADDED ENTRY--CORPORATE NAME
Corporate name or jurisdiction name as entry element Autodesk
856 40 - ELECTRONIC LOCATION AND ACCESS
Uniform Resource Identifier <a href="https://bim.construction.com/research/pdfs/2009_BIM_SmartMarket_Report.pdf">https://bim.construction.com/research/pdfs/2009_BIM_SmartMarket_Report.pdf</a>
Public note View this item free of charge at bim.construction.com
942 ## - ADDED ENTRY ELEMENTS (KOHA)
Suppress in OPAC 0
Holdings
Withdrawn status Lost status Source of classification or shelving scheme Damaged status Not for loan Home library Current library Shelving location Date acquired Total Checkouts Full call number Barcode Date last seen Copy number Price effective from Koha item type
    Dewey Decimal Classification     Virtual Virtual Online 26/05/2011   ONLINE PUBLICATION 153046-2001 06/08/2019 1 06/08/2019 Book